ბათუმის შოთა რუსთაველის სახელმწიფო უნივერსიტეტის ბიბლიოთეკა

საქართველოს საბაჟო კოდექსი : (ბიბ.ჩანაწერი № 59483)

000 -ლიდერი
ფიქსირებული სიგრძის საკონტროლო ველი 00752nam a22001697a 4500
003 - საკონტროლო ნომრის იდენტიფიკატორი
საკონტროლო ველი Ge_BSU
005 - ბოლო ოპერაციის თარიღი და დრო
საკონტროლო ველი 20230228111236.0
008 - ფიქსირებული სიგრძის მონაცემთა ელემენტები - ზოგადი ინფორმაცია
ფიქსირებული სიგრძის საკონტროლო ველი 230228s2010 ge ||||| |||| 00| 0 geo d
041 ## - ენის კოდი
Language code of text/sound track or separate title geo
080 ## - უნივერსალური ათობითი კლასიფიკაციის ინდექსი
Universal Decimal Classification number 339.543(479.22)(094.4) ს-32
245 ## - ცნობა სათაურის შესახებ
Title საქართველოს საბაჟო კოდექსი :
Statement of responsibility, etc ცვლილებებითა და დამატებებით 2010 წლის 25 მარტამდე.
264 ## - წარმოების, გამოცემის, დისტრიბუციის და სხვა ცნობები
გამოცემის, წარმოების, დისტრიბუციის... ადგილი თბილისი :
გამოცემის, წარმოების, დისტრიბუციის... სახელწოდება ბონა კაუზა,
გამოცემის, წარმოების, დისტრიბუციის... თარიღი 2010.
300 ## - ფიზიკური აღწერა
Extent 157 გვ. ;
Other physical details 21 სმ.
490 ## - სერიის ცნობა
Series statement იურისტის ბიბლიოთეკა
653 ## - INDEX TERM--UNCONTROLLED
Uncontrolled term საქართველოს საბაჟო კოდექსი.
942 ## - ADDED ENTRY ELEMENTS (KOHA)
Source of classification or shelving scheme
Koha item type წიგნი
ეგზემპლარები
ჩამოწერის სტატუსი დაკარგული ეგზემპლარის სტატუსი კლასიფიკაციის წყარო ან თაროზე გაწყობის სქემა დაზიანების სტატუსი არ გაიცემა მუდმივი მდებარეობა (დაცვის ადგილი) ამჟამინდელი ადგილსამყოფელი თაროზე განთავსების ადგილი შეძენის თარიღი ღირებულება, შესყიდვის ნორმალური ფასი სრული შენახვის შიფრი შტრიხკოდი ბოლო ოპერაციის თარიღი ეგზემპლარის მიმდევრობითი ნომერი (კეტერი?) ფასის ძალაში შესვლის თარიღი ეგზემპლარის სახეობა საჯარო შენიშვნა
          ბათუმის შოთა რუსთაველის სახელმწიფო უნივერსიტეტის მთავარი ბიბლიოთეკა ბათუმის შოთა რუსთაველის სახელმწიფო უნივერსიტეტის მთავარი ბიბლიოთეკა წიგნსაცავი 2023-02-28 8.00 339.543(479.22)(094.4) ს-32 63927 2023-02-28 63927 2023-02-28 წიგნი 8 ლ.